Państwa z jednym słowem i dwoma U - Statystyki

Ogólne statystyki
  • Ten quiz został rozwiązany 33 razy
  • Średni wynik to 5 z 8
Statystyki odpowiedzi
Kontynent Państwo % Poprawnych
Ameryka Południowa Urugwaj
83%
Oceania Tuvalu
70%
Europa Rumunia
65%
Europa Luksemburg
61%
Oceania Vanuatu
61%
Afryka Burundi
52%
Oceania Nauru
52%
Afryka Mauritius
39%
Nie znaleziono quizów pasujących do podanych kryteriów
Rozkład punktacji
Procent ludzi z każdym wynikiem
Percentyl według liczby udzielonych odpowiedzi
Twoja historia wyników
Nie rozwiązałeś tego quizu